|
|
|
|
| LEADER |
00000nab a2200000 a 4500 |
| 001 |
vtls009083781 |
| 003 |
SK-MaSNL |
| 005 |
20260304151606.0 |
| 008 |
250506c2007 xo qr|p|||||||000 b|slo |
| 015 |
|
|
|a SNBRB2007/07
|2 snkbucl
|
| 035 |
|
|
|a (uuid)fe123616-09fc-49fa-85b6-b78729b829f0
|
| 035 |
|
|
|a urn:nbn:sk:snk-ab2y1p
|
| 035 |
|
|
|a (urnnbn)urn:nbn:sk:snk:ar-a033dj
|
| 038 |
|
|
|a SNKBUCL
|
| 040 |
|
|
|a SNKBUCL
|b slo
|c SNKBUCL
|e AACR2
|
| 041 |
0 |
|
|a slo
|
| 044 |
|
|
|a xo
|c SK
|
| 080 |
|
|
|a 746.3.071.1
|2 2001
|
| 080 |
|
|
|a 929 Kopecká, Otília
|2 2001
|
| 100 |
1 |
|
|a Danglová, Oľga,
|d 1941-
|4 aut
|9 23213
|
| 245 |
1 |
0 |
|a Vyšívané textílie Otílie Kopeckej
|c Oľga Danglová
|
| 300 |
|
|
|b Fotogr.
|
| 600 |
1 |
7 |
|a Kopecká, Otília,
|d 1935-
|2 snkbucl
|9 142589
|
| 650 |
0 |
7 |
|a výšivky
|2 snkbucl
|9 3102
|
| 773 |
0 |
|
|t Remeslo, umenie, dizajn
|g Roč. 8, č. 2 (2007), s. 28-31
|x 1335-5457
|
| 850 |
|
|
|a Slovenská národná knižnica
|
| 852 |
|
|
|a Slovenská národná knižnica
|
| 958 |
|
|
|a article27
|
| 958 |
|
|
|a OND
|
| 958 |
|
|
|a BX
|
| 958 |
|
|
|a EUIPO
|
| 999 |
|
|
|c 2944707
|d 2946637
|